Loading...
| Mythology | 0 | 7 | 1 | 2 | 65 | 11 | 70.71 | 2 | 4 |
| History - American History | 0 | 5 | 0 | 2 | 50 | 20 | 65.00 | 1 | 3 |
| History - Other History | 0 | 5 | 0 | 0 | 50 | 16 | 53.20 | 2 | 4 |
| Painting/Sculpture | 0 | 4 | 0 | 0 | 40 | 25 | 44.75 | 2 | 3 |
| Philosophy | 0 | 3 | 0 | 0 | 30 | 65 | 80.33 | 0 | 0 |
| Pop Culture | 0 | 3 | 0 | 0 | 30 | 36 | 54.67 | 1 | 2 |
| Literature - British Literature | 0 | 3 | 0 | 0 | 30 | 98 | 108.00 | 0 | 1 |
| Literature - European Literature | 0 | 3 | 0 | 1 | 30 | 74 | 91.67 | 0 | 0 |
| Fine Arts - Other Fine Arts | 0 | 3 | 1 | 0 | 25 | 41 | 56.00 | 2 | 3 |
| Science - Other Science | 0 | 2 | 0 | 0 | 20 | 43 | 61.50 | 0 | 1 |
| History - European History | 0 | 1 | 0 | 0 | 10 | 51 | 51.00 | 0 | 1 |
| Literature - World Literature | 0 | 1 | 0 | 0 | 10 | 74 | 74.00 | 0 | 1 |
| Science - Biology | 0 | 1 | 0 | 0 | 10 | 61 | 61.00 | 0 | 0 |
| Science - Chemistry | 0 | 1 | 0 | 0 | 10 | 55 | 55.00 | 1 | 1 |
| Science - Physics | 0 | 1 | 0 | 1 | 10 | 105 | 105.00 | 0 | 0 |
| Religion | 0 | 1 | 1 | 0 | 5 | 52 | 52.00 | 0 | 1 |
| Geography | 0 | 1 | 2 | 1 | 0 | 93 | 93.00 | 0 | 0 |
| Social Science | 0 | 0 | 2 | 0 | -10 | 0.00 | 0 | 0 |